000 01146nam a2200277 i 4500
001 188411
003 SpMaBN
005 20250303063153.0
008 180919s2017 sp a |||| | spa d
020 _a978-84-95726-15-5
080 _a75 Acedo, Ángela (083.824)
100 1 _aAcedo, Ángela,
_eaut
_9165511
245 1 0 _aTierras con alma :
_b[exposición] /
_cÁngela Acedo ; [textos, Esteban Bernal, Ángela Acedo].
260 _a[Murcia] :
_bFundación Cajamurcia,
_c[2017]
300 _a[32] p. :
_bprincipalmente il. col. ;
_c21 x 21 cm.
585 _aExposición: Fundación Cajamurcia en Madrid (del 27 de sept. al 27 de oct.) y Cartagena (del 14 de nov. al 7 de dic. de 2017)
600 1 7 _aAcedo, Ángela,
_2embne
_9165511
655 7 _2tgfbne
_9193628
_aCatálogos de exposiciones
700 0 _aBernal Aguirre, Esteban
_928187
_eaut
710 2 _aFundación Caja Murcia
_ehis
_9239712
852 _aES-MaACL
_jA-14244
_9195541
_bR.151904
_cDEPO1
_dOlim: N-7244
_hDonación: Angela Acedo
903 _aAcedo, Ángela,
_ednr
_9165511
942 _2udc
_cMONOGRAFIA
999 _c188411
_d188411